Universos menudos : antología de microrrelatos en español /

Detalles Bibliográficos
Otros Autores: Noguerol Jiménez, Francisca (Editor)
Formato: Electrónico eBook
Lenguaje:español
portugués
Publicado: Bogotá : Editorial Aula de Humanidades, 2023.
Edición:Primera edición.
Materias:
Acceso en línea:Digitalia Hispánica

MARC

LEADER 00000nam a2200000 i 4500
001 DIGAUHUM0042
003 NyNyDIG
007 cr |||||||||||
008 250502s2023 ck o 000 j spa d
006 m o d
035 |a (OCoLC)1519503952 
040 |a DGITA  |b eng  |e rda  |e pn  |c DGITA 
020 |a 9786287700116  |q (versión digital) 
020 |z 9786287700109  |q (versión impresa) 
041 1 |a spa  |h por 
043 |a cl----- 
050 1 4 |a PS508.H57 ebook 
130 0 |a Universos breves.  |l Spanish 
245 1 0 |a Universos menudos :  |b antología de microrrelatos en español /  |c edición y prólogo de Francisca Noguerol Jiménez. 
250 |a Primera edición. 
264 1 |a Bogotá :  |b Editorial Aula de Humanidades,  |c 2023. 
264 4 |c ©2022 
300 |a 1 online resource. 
336 |a text  |b txt  |2 rdacontent 
337 |a computer  |b c  |2 rdamedia 
338 |a online resource  |b cr  |2 rdacarrier 
347 |a text file  |2 rdaft 
347 |b PDF 
588 0 |a Online resource; title from PDF title page (Digitalia, viewed May 2, 2025) 
650 0 |a Short stories, Latin American. 
655 7 |a Flash fiction.  |2 lcgft 
700 1 |a Noguerol Jiménez, Francisca,  |e editor. 
730 0 |i Translation of:  |a Universos breves. 
791 2 |a Digitalia (Firm),  |e distributor. 
793 0 |g Digitalia eBook Collection:  |a Editorial Aula de Humanidades 
776 0 8 |i Print version:  |a Universos breves. Spanish.  |t Universos menudos.  |b Primera edición.  |d Bogotá : Editorial Aula de Humanidades, [2023]  |z 9786287700109 
856 4 0 |3 Digitalia Hispánica  |u https://www.digitaliapublishing.com/a/170630/ 
910 |a Premium collection: 2025